Infectious disease clinics of North America. (Record no. 31107)

MARC details
000 -LEADER
fixed length control field 00436nam a2200157Ia 4500
020 ## - INTERNATIONAL STANDARD BOOK NUMBER
ISBN 9781416043287
050 ## - CALL MARK
Classification number RC109 .I53/
100 ## - STATEMENT OF RESPONSIBILITY--MAIN AUTHOR NAME
Personal name Edited by Kenneth H. Mayer & Robert C. Moellering
245 #0 - TITLE STATEMENT
Title Infectious disease clinics of North America.
260 ## - PUBLICATION, DISTRIBUTION, ETC. (IMPRINT)
Year of publication 2007
300 ## - PHYSICAL DESCRIPTION
Number of Pages 264 p
650 ## - SUBJECT ADDED ENTRY--TOPICAL TERM
Topical Term Communicable diseases--Periodicals.
942 ## - ADDED ENTRY ELEMENTS (KOHA)
Koha item type Books
Holdings
Withdrawn status Lost status Source of classification or shelving scheme Damaged status Not for loan Permanent Location Current Location Date acquired Accession Number Price effective from Koha item type
    Library of Congress Classification     NILE UNIVERSITY OF NIGERIA - MAIN LIBRARY NILE UNIVERSITY OF NIGERIA - MAIN LIBRARY 04/23/2025 0188613 04/23/2025 Books